[Event "IECG CP.2002.P.00100 email"]
[Site "IECG email"]
[Date "2002.10.01"]
[Round "?"]
[White "Muller, Henry"]
[Black "Stoicescu, Christian Dan"]
[Result "1-0"]
[WhiteElo "2116"]
[BlackElo "1820"]
[PlyCount "25"]
[EventDate "2002.10.01"]
[EventType "tourn (corr)"]
[EventRounds "6"]
[EventCountry "BEL"]
[SourceTitle "Corr 2008"]
[Source "ChessBase"]
[SourceDate "2008.06.24"]
[SourceVersion "1"]
[SourceVersionDate "2008.06.24"]
[SourceQuality "1"]

1. e4 e5 2. Nf3 Nf6 3. Nxe5 d6 4. Nf3 Nxe4 5. d4 d5 6. Bd3 Nc6 7. 0-0 Be7 8. Re1 Bg4 9. c3 f5 10. Qb3 0-0 11. Nbd2 Na5 12. Qa4 Nc6 13. Bb5 1-0

[Event "IECG CB.2002.0.00052 email"]
[Site "IECG email"]
[Date "2002.08.16"]
[Round "?"]
[White "Zens, Rolf"]
[Black "Stoicescu, Christian Dan"]
[Result "1-0"]
[WhiteElo "1800"]
[BlackElo "1820"]
[PlyCount "33"]
[EventDate "2002.08.16"]
[EventType "tourn (corr)"]
[EventRounds "6"]
[SourceTitle "Corr 2008"]
[Source "ChessBase"]
[SourceDate "2008.06.24"]
[SourceVersion "1"]
[SourceVersionDate "2008.06.24"]
[SourceQuality "1"]

1. e4 e5 2. Nf3 Nc6 3. Bb5 a6 4. Ba4 Nf6 5. 0-0 Be7 6. Re1 b5 7. Bb3 0-0 8. c3 d5 9. exd5 Nxd5 10. Nxe5 Nxe5 11. Rxe5 c6 12. d4 Bd6 13. Re2 Qh4 14. g3 Qh3 15. Nd2 Bf5 16. a4 Rae8 17. Rxe8 1-0